Russian Monetary Policy Assessing the Track Record

Uložené v:
Podrobná bibliografia
Hlavný autor: Buch, Claudia M.
Médium: Kniha
Jazyk:English
Vydavateľské údaje: Kiel Institut für Weltwirtschaft 1996
Edícia:Kiel Working Paper No. 786
Predmet:
Tagy: Pridať tag
Žiadne tagy, Buďte prvý, kto otaguje tento záznam!

MARC

LEADER 00000nam a2200000 4500
001 c019458
005 20250521093050.8
041 0 |a eng 
044 |a DE 
245 1 0 |a Russian Monetary Policy  |b Assessing the Track Record  |c Claudia M. Buch 
264 1 |a Kiel  |b Institut für Weltwirtschaft  |c 1996 
300 |a 45 s. 
490 1 |a Kiel Working Paper  |v No. 786 
830 0 |a Kiel Working Paper  |v No. 786 
610 2 0 |a politika menová 
610 2 0 |a politika peňažná 
610 2 0 |a zásoba peňažná 
610 2 0 |a banky emisné 
610 2 0 |a Rusko 
610 2 0 |a sadzby úrokové 
610 2 0 |a banky centrálne 
100 1 |a Buch, Claudia M.